La alfabetización, un factor vital /

El Informe de Seguimiento de la EPT en el Mundo es una publicación anual que evalúa los progresos realizados en el plano mundial para cumplir el compromiso de proporcionar una educación básica a todos los niños, jóvenes y adultos de aquí al año 2015.Elaborado por un equipo independiente y publicado...

Full description

Bibliographic Details
Corporate Author: UNESCO
Format: Libro
Language:Spanish
Published: París UNESCO 2006
Series:Educación para Todos 2006
Subjects:
Online Access:

MARC

LEADER 00000cam a2200000 a 4500
001 016463
003 UAHC_CL
005 20170803121358.0
008 071221s2006 fr 000 spa
020 |a 9233040089 
040 |a UAHC_CL  |c UAHC_CL  |d UAHC_CL 
082 0 4 |a 374.0124  |b A385  |2 21 
245 1 3 |a La alfabetización, un factor vital /  |c UNESCO. 
260 |b UNESCO  |a París  |c 2006 
300 |a 471 p. 
490 0 |a Educación para Todos  |v 2006 
520 |a El Informe de Seguimiento de la EPT en el Mundo es una publicación anual que evalúa los progresos realizados en el plano mundial para cumplir el compromiso de proporcionar una educación básica a todos los niños, jóvenes y adultos de aquí al año 2015.Elaborado por un equipo independiente y publicado por la UNESCO, el Informe es un documento de referencia reconocido que tiene por objeto informar, ejercer una influencia y respaldar un compromiso auténtico con la causa de la educación para todos. 
650 4 |a ALFABETIZACION DE ADULTOS  |v ESTADISTICAS 
650 4 |a ALFABETIZACION DE ADULTOS  |x INVESTIGACIONES 
653 |a PEDAGOGIA EN EDUCACION BASICA 
710 1 |a UNESCO 
900 |a 374.0124 ALF 
942 |c BK 
952 |0 0  |1 0  |4 0  |6 374_012400000000000_ALF  |7 0  |8 General  |9 32829  |a BC  |b BC  |c General  |d 2017-08-03  |o 374.0124 ALF  |p 1361841  |r 2026-01-13 00:00:00  |t 1  |w 2017-08-03  |y BK 
952 |0 0  |1 0  |4 0  |6 374_012400000000000_ALF  |7 0  |8 General  |9 32830  |a BC  |b BC  |c General  |d 2017-08-03  |o 374.0124 ALF  |p 1361842  |r 2026-01-13 00:00:00  |t 2  |w 2017-08-03  |y BK 
999 |c 16463  |d 16463